000 00846nam a22002897a 4500
001 BR9800891
003 BR-BrBNA
005 20230928095850.0
007 ta
008 230509b bl.||||| |||| 00| 0 por d
040 _aBR-BrBNA
_bpor
_cBiblioteca Nacional de Agricultura
041 _a(Por)
072 _aJ11
090 _ J11 BR9800891
110 1 _aCompanhia Paranaense de Silos e Armazens, Curitiba, PR (Brasil)
_92486
111 1 _a1. Seminario Regional-Oeste de Armazenagem
_cCascavel, PR (Brazil)
_d13-16 Dec 1977
245 1 _a1. Seminario Regional-Oeste de Armazenagem
260 3 _aCascavel, PR (Brasil):
_c1977.
300 _a33 p.
500 _a24 illus.; 7 tables
650 _aCereal
650 _aArmazenamento
650 _aAeracao
650 _aTermometro
909 _a202309
_bLucia
_c55
_dLucia Elande
942 _cBK
999 _c59117
_d59117